000 00824cam a22002771 4500
001 sa 68006346
003 DLC
005 20260227112515.0
008 891030s1966 ii 000 0 tamo
010 _asa 68006346
035 _a(OCoLC)20571215
040 _aDLC
_cWaU
_dDLC
042 _apremarc
050 0 0 _aPL4754
_b.P35 1966
100 0 _aPavaṇanti,
_dactive 1178-1214.
240 1 0 _aNan̲n̲ūl
245 1 0 _aPavananti Munivar iyarriya Nannūl mūlamum.
250 _a[1st ed.]
260 _c1966.
300 _a30, 450 p.
_c19 cm.
500 _aIn Tamil.
650 0 _aTamil language
_xGrammar.
700 1 _aCaṅkara Namaccivāyar,
_dactive 17th century.
700 0 _aCivañān̲a Mun̲ivar,
_dactive 18th century.
710 2 _aTirunelvēli Ten̲n̲intiya Caivacittānta Nūr̲patippuk Kal̲akam.
999 _c81267
_d81267